L'Empire Egyptien sous Ismail et l'ingerence Anglo-Francaise, 1863-1879 /

محفوظ في:

المؤلف الرئيسي: Ṣabrī, Muḥammad,‏ 1894-1978 (مؤلف)

التنسيق: كتاب

اللغة: French

منشور في: Paris : Geuthner, 1933.

الموضوعات:

الوسوم: إضافة وسم

لا توجد وسوم, كن أول من يضع وسما على هذه التسجيلة!

رقم الطلب: DT104 .S25 1933

LEADER 00938namaa2200241 4500
001 14002
003 OSt
005 20250505112943.0
008 130303s1933 fr b 000 0 fre d
040 |c ARCE Library 
043 |a f-ua---  |a e-fr---  |a e-uk--- 
050 4 |a DT104 .S25 1933 
100 1 |6 880-01  |a Ṣabrī, Muḥammad,‏  |d 1894-1978,  |e author 
245 1 2 |a L'Empire Egyptien sous Ismail et l'ingerence Anglo-Francaise, 1863-1879 /  |c Mohammed Sabry. 
264 1 |a Paris :   |b Geuthner,   |c 1933. 
300 |a 570 pages :   |b maps (part fold.) ;   |c 25 cm. 
651 0 |a Egypt  |x Foreign relations  |z France. 
651 0 |a Egypt  |x Foreign relations  |z Great Britain. 
651 0 |a Egypt  |x History  |y 19th century. 
880 1 |6 100-01/(3/r  |a صبري، محمد،‪‪‪‪‪‪‪‪‪‪‪‪‪‪‪‪‪‪‪‪‪‪‪‪‪‪‪‪‪‪‪‪‪‪‪‪‪‪‪‪  |d 1894-1978. 
901 |a reviewed 
942 |c BK  |2 lcc 
999 |c 13495  |d 13495